Представление документа в формате RUSMARC

ПолеНазваниеЗначение
  Тип записи a
  Библиографический уровень c
001 Контрольный номер RU/SLIB/B/208786181
005 Дата корректировки 20211022091141.1
010 Индекс ISBN __
a ISBN 5-280-01027-8
d Цена 2-30
100 Данные общей обработки __
a Данные общей обработки 20211022d1990 m y0rusy028902 ca
101 Язык документа 0_
a Язык текста rus
102 Страна публикации __
a Страна публикации RU
105 Кодированные данные (монография) __
a Кодированные данные (монография) c z 000ec
181 Поле кодированных данных: вид содержания _0
a Код вида содержания (ISBD) i
182 Поле кодированных данных: тип средства _0
a Код типа средства (ISBD) n
200 Заглавие и сведения об ответственности 1_
a Заглавие Переписка Л. Н. Толстого с сестрой и братьями
f Первые сведения об ответственности вступ. ст. Л. Опульской ; сост., подгот. текста и коммент. Н. Калининой [и др.]
b Общее обозначение материала Текст
210 Выходные данные 1_
a Место издания М.
c Издательство Худож. лит.
d Дата издания 1990
215 Физическое описание __
a Объем 542 с., портр.
225 Серия 2_
a Серия Переписка русских писателей
330 Аннотация __
a Аннотация Сборник включает более 400 писем Л. Н. Толстого, его сестры и трех братьев. Собранные вместе, письма воссоздают атмосферу родственых взаимоотношений в семье Толстых - атмосферу любви, дружбы, преданности и откровенности.
600 Персоналии _1
a Персоналии (Фамилия) Толстой, Л. Н.
606 Тематические рубрики __
a Основная рубрика Художественная литература
z Хронологическая подрубрика 19 в.
y Географическая подрубрика Россия
606 Тематические рубрики __
a Основная рубрика Русская литература XIX в. (произведения)
610 Ключевые слова 0_
a Ключевые слова эпистолярная литература; письма; переписка; персоналии; писатели
686 Индексы других классификаций __
a Классификационный индекс 84(2Рос=Рус)1-4; ст84(2Рос=Рус)1-4
702 Вторичная интеллектуальная ответственность _1
a Фамилия Опульская
b Имя Л.
4 Код отношения Автор предисловия и т.д.
4 Код отношения 080
702 Вторичная интеллектуальная ответственность _1
a Фамилия Калинина
b Имя Н.
4 Код отношения Составитель
4 Код отношения 220
4 Код отношения 212
801 Источник записи _0
a Страна RU
b Организация Муниципальное бюджетное учреждение культуры "Централизованная библиотечная система" г. Сургут (Центральная городская библиотека им. А. С. Пушкина)
g Правила каталогизации КиК/Лебедева
801 Источник записи _1
a Страна RU
b Организация Муниципальное бюджетное учреждение культуры "Централизованная библиотечная система" г. Сургут (Центральная городская библиотека им. А. С. Пушкина)
g Правила каталогизации КиК/Лебедева
852 Данные о местонахождении __
j Шифр хранения 84(2Рос=Рус)1-4
c Каталожный индекс 84(2Рос=Рус)1-4
i Авторский знак П 27
p Инвентарный номер 43741
901 Тип документа __
t Тип документа x
903 Характеристики (МАРС) __
a Дата передачи 20060328
969 Тип издания __
a Тип издания сборник
990 Данные о заказе (DOS) __
j Количество экземпляров (DOS) 2
t N записи в КСУ для И/У (DOS) ретро